The state and revolution in eastern Africa : essays
Αποθηκεύτηκε σε:
| Κύριος συγγραφέας: | |
|---|---|
| Μορφή: | Βιβλίο |
| Γλώσσα: | English |
| Δημοσίευση: |
New York :
Monthly Review Press,
1979.
|
| Θέματα: | |
| Ετικέτες: |
Προσθήκη ετικέτας
Δεν υπάρχουν, Καταχωρήστε ετικέτα πρώτοι!
|
MARC
| LEADER | 00000cam a2200000 a 4500 | ||
|---|---|---|---|
| 001 | 1/113230 | ||
| 008 | 170307s1979####nyu| ||| |||| ||eng|| | ||
| 020 | |a 0853455082 | ||
| 040 | |a GR-MyUa |b gre |c GR-MyUa |e AACR2 | ||
| 041 | 0 | |a eng | |
| 082 | 7 | |a 320.967 |2 (23) | |
| 100 | 1 | |a Saul, John S. | |
| 245 | 1 | 4 | |a The state and revolution in eastern Africa : |b essays / |c by John S. Saul. |
| 260 | |a New York : |b Monthly Review Press, |c 1979. | ||
| 300 | |a 454 σ. ; |c 21 εκ. | ||
| 504 | |a Περιλαμβάνει βιβλιογραφία και ευρετήριο. | ||
| 651 | 0 | |a Mozambique |x Politics and government. | |
| 651 | 0 | |a Tanzania |x Politics and government. | |
| 651 | 0 | |a Africa, Eastern |x Politics and government. | |
| 651 | 0 | |a Africa, Eastern |x Economic conditions. | |
| 651 | 0 | |a Africa, Eastern |x Social conditions. | |
| 852 | |a INST |b LESVOS |e 20170307 |h 320.967 SAU |p 005100058786 |q 005100058786 |t BK |y 0 | ||
| 970 | |a Τζαφέρη |b Ευαγγελία |z 07-03-2017 | ||